[Event "TSV Cadolzburg e.V. 1-SC Bechhofen 1923 "]
[Site "?"]
[Date "2013.04.21"]
[Round "9.8"]
[White "Drees, Martin"]
[Black "Rauh, Karlheinz"]
[Result "1-0"]
[WhiteElo "1543"]
[BlackElo "1550"]
[PlyCount "93"]
[EventDate "2013.??.??"]
[WhiteTeam "TSV Cadolzburg e.V. 1"]
[BlackTeam "SC Bechhofen 1923 e.V. 2"]

1. e4 e5 2. Nf3 Nc6 3. Nc3 Nf6 4. a3 d6 5. d4 exd4 6. Nxd4 Nxd4 7. Qxd4 Be7 8.
Bg5 O-O 9. O-O-O Be6 10. Be2 a6 11. Kb1 b5 12. e5 dxe5 13. Qxe5 Nd7 14. Bxe7
Qxe7 15. Qxc7 Rfc8 16. Qa5 Ne5 17. Qb4 Qf6 18. Ne4 Qg6 19. Qd4 Nc6 20. Qe3 h6
21. h4 Bf5 22. h5 Qe6 23. Nd6 Rc7 24. Nxf5 Qxf5 25. Bd3 Qe5 26. Rhe1 Qxe3 27.
Rxe3 Kf8 28. Be4 Rd8 29. Rxd8+ Nxd8 30. g4 Rd7 31. Rd3 Ke7 32. Rxd7+ Kxd7 33.
Bd3 Kc6 34. Ka2 Ne6 35. a4 Kc5 36. c3 Nf4 37. Bf1 g6 38. g5 gxh5 39. gxh6 Ng6
40. h7 h4 41. axb5 axb5 42. Kb3 f6 43. Kc2 Kd5 44. Bxb5 h3 45. Bf1 h2 46. Bg2+
Ke6 47. b4 1-0

[Event "SK Nürnberg 1911 e.V. 2-SC Ansbach 1855 "]
[Site "?"]
[Date "2013.04.21"]
[Round "9.1"]
[White "Pikal, Alexander"]
[Black "Herbst, Thomas"]
[Result "0-1"]
[WhiteElo "1904"]
[BlackElo "1874"]
[PlyCount "138"]
[EventDate "2013.??.??"]
[WhiteTeam "SC Ansbach 1855 e.V. 1"]
[BlackTeam "SK Nürnberg 1911 e.V. 2"]

1. f4 d5 2. Nf3 Nf6 3. e3 c6 4. b3 Bg4 5. Bb2 e6 6. Be2 Bxf3 7. Bxf3 Nbd7 8.
O-O Bd6 9. d4 O-O 10. Nd2 c5 11. c4 Qe7 12. Be2 Rfd8 13. Bd3 Rac8 14. Qf3 cxd4
15. exd4 Ba3 16. Rab1 Bxb2 17. Rxb2 dxc4 18. Nxc4 Nb6 19. Rd2 Nxc4 20. bxc4 Qb4
21. Rfd1 g6 22. Be2 Rc7 23. Qe3 Rcd7 24. Qe5 Ne8 25. h4 Qe7 26. h5 Ng7 27. hxg6
hxg6 28. Rd3 Qd6 29. g4 Qe7 30. Kg2 f6 31. Qe4 Kf7 32. Rh3 Qd6 33. Bd3 f5 34.
gxf5 gxf5 35. Qe5 Qxd4 36. Qe2 Qxf4 37. Rf1 Qg5+ 38. Rg3 Qf6 39. Rh1 Rd4 40.
Rh7 Rg4 41. Rxg4 fxg4 42. Be4 Qf4 43. Bd5 exd5 44. Rxg7+ Kxg7 45. Qe7+ Kg6 46.
Qxd8 Qe4+ 47. Kg3 dxc4 48. Qd6+ Kf5 49. Qd7+ Ke5 50. Qg7+ Kd6 51. Qf6+ Kc5 52.
Qf8+ Kd4 53. Qd6+ Qd5 54. Qf4+ Kc5 55. Qe3+ Qd4 56. Qa3+ Kc6 57. Qa4+ b5 58.
Qa6+ Qb6 59. Qa3 b4 60. Qc1 Qd4 61. Qh1+ Kc5 62. Qh5+ Qd5 63. Qxg4 c3 64. Qc8+
Kd4 65. Qg4+ Qe4 66. Qd7+ Kc4 67. Qc7+ Kd3 68. Qd7+ Ke2 69. Qa4 c2 0-1

[Event "SK Nürnberg 1911 e.V. 2-SC Ansbach 1855 "]
[Site "?"]
[Date "2013.04.21"]
[Round "9.2"]
[White "Dereser, Marc"]
[Black "Margraf, Christoph"]
[Result "1/2-1/2"]
[WhiteElo "1835"]
[BlackElo "1937"]
[PlyCount "27"]
[EventDate "2013.??.??"]
[WhiteTeam "SK Nürnberg 1911 e.V. 2"]
[BlackTeam "SC Ansbach 1855 e.V. 1"]

1. d4 d5 2. Nf3 Nc6 3. g3 Bf5 4. Bg2 e6 5. O-O Be7 6. b3 Nf6 7. Bb2 Nb4 8. Na3
c5 9. c3 Na6 10. dxc5 Nxc5 11. Nd2 O-O 12. c4 Qd7 13. cxd5 exd5 14. Nc2 1/2-1/2

[Event "SK Nürnberg 1911 e.V. 2-SC Ansbach 1855 "]
[Site "?"]
[Date "2013.04.21"]
[Round "9.3"]
[White "Nahlik, Bernhard"]
[Black "Huger, Horst"]
[Result "1/2-1/2"]
[WhiteElo "1690"]
[BlackElo "1812"]
[PlyCount "98"]
[EventDate "2013.??.??"]
[WhiteTeam "SC Ansbach 1855 e.V. 1"]
[BlackTeam "SK Nürnberg 1911 e.V. 2"]

1. d4 g6 2. Nf3 Bg7 3. e4 d6 4. Bd3 Bg4 5. c3 Nd7 6. h3 Bxf3 7. Qxf3 c5 8. d5
a6 9. O-O b5 10. a4 Qa5 11. Na3 Ne5 12. Qe2 Nxd3 13. Qxd3 b4 14. Nc4 Qc7 15. f4
a5 16. e5 f5 17. Re1 Kf8 18. Be3 Nh6 19. Bf2 Nf7 20. e6 Nh6 21. cxb4 axb4 22.
Ra2 Bf6 23. b3 Kg7 24. Kh1 Rhe8 25. Rg1 Bc3 26. Be3 Ng8 27. g4 fxg4 28. hxg4
Nf6 29. Rh2 Qb7 30. Rd1 Nxg4 31. Rg2 Nxe3 32. Nxe3 Rf8 33. f5 Qa6 34. Nc4 Rf6
35. fxg6 hxg6 36. Rh2 Rh8 37. Rxh8 Kxh8 38. Kg2 Kg7 39. Rh1 Qa8 40. Nb6 Qf8 41.
Rf1 Bd4 42. Rxf6 Qxf6 43. Qf3 Qg5+ 44. Kf1 Qc1+ 45. Ke2 Qc2+ 46. Kf1 Bf6 47.
Nc4 Qc3 48. Qxc3 bxc3 49. Ke2 g5 1/2-1/2

[Event "SK Nürnberg 1911 e.V. 2-SC Ansbach 1855 "]
[Site "?"]
[Date "2013.04.21"]
[Round "9.4"]
[White "Leibing, Kai-Ingo"]
[Black "Riess, Michael"]
[Result "1-0"]
[WhiteElo "1779"]
[BlackElo "1489"]
[PlyCount "43"]
[EventDate "2013.??.??"]
[WhiteTeam "SK Nürnberg 1911 e.V. 2"]
[BlackTeam "SC Ansbach 1855 e.V. 1"]

1. b3 e5 2. Bb2 Nc6 3. d3 Nf6 4. Nf3 d6 5. g3 Be7 6. Bg2 O-O 7. e3 h6 8. Nbd2
Be6 9. h3 a5 10. O-O Qd7 11. Kh2 Nh7 12. a3 Ng5 13. Nxg5 Bxg5 14. c4 f5 15. d4
exd4 16. exd4 d5 17. Nf3 Bf6 18. Ne5 Bxe5 19. cxd5 Bf6 20. dxe6 Qxe6 21. d5 Qd6
22. Bxf6 1-0

[Event "SK Nürnberg 1911 e.V. 2-SC Ansbach 1855 "]
[Site "?"]
[Date "2013.04.21"]
[Round "9.6"]
[White "Ammon, Ronald"]
[Black "Dittrich, Godehard"]
[Result "1-0"]
[WhiteElo "1747"]
[BlackElo "1117"]
[PlyCount "57"]
[EventDate "2013.??.??"]
[WhiteTeam "SK Nürnberg 1911 e.V. 2"]
[BlackTeam "SC Ansbach 1855 e.V. 1"]

1. e4 e6 2. d4 d6 3. c4 c6 4. Nc3 Be7 5. Be3 Qc7 6. f4 b6 7. Nf3 Bb7 8. Bd3 Nf6
9. h3 Nh5 10. g4 Nf6 11. Qc2 Nbd7 12. e5 dxe5 13. fxe5 c5 14. Rf1 Bxf3 15. exf6
Nxf6 16. Rxf3 Qc6 17. d5 exd5 18. cxd5 Nxd5 19. Bb5 Bh4+ 20. Bf2 Bxf2+ 21. Qxf2
Qxb5 22. Nxb5 O-O 23. O-O-O Nb4 24. Rf1 f6 25. g5 f5 26. a3 a6 27. Nd6 f4 28.
axb4 Rad8 29. Rxf4 1-0